000 00193 a2200097 4500
020 _a9781936787821
041 _aeng
100 _adeKrester, Michelle
245 _aThe life to come
942 _cBK
999 _c31912
_d31910